000 00601nam a22001937a 4500
005 20251108171110.0
008 250721s9999 xx 000 0 ara d
082 1 4 _aم/811.658/عني
100 1 _aإبن عنين، شرف الدين أبي المحاسن محمد بن نصر
245 1 0 _aديوان إبن عنين /
250 _aط2، مزيدة
264 1 _aبيروت :
_bدار صادر،
_c[19-].
300 _a269ص
650 1 7 _aالشعر العربي
650 1 7 _aالعصر الأيوبي
700 1 _aمردم، خليل
_eتحقيق
942 _2ddc
_cREF
999 _c56548
_d56548